| 000 | 00790nam a2200205 a 4500 | ||
|---|---|---|---|
| 005 | 20210223130753.0 | ||
| 008 | 081103s1986 mx r 000 0 spa d | ||
| 035 | _aUPN01000164761 | ||
| 049 | _aUNE | ||
| 080 | _a373.3: 613.2 (548.7) =20MEN No.166. | ||
| 100 | 1 | _aMendis, George | |
| 245 | 1 | 0 |
_aHealth education in the context of the child survival and development strategy : _ba Sri Lankan experience / _cby George Mendis. |
| 260 |
_aParís : _bUNESCO ; _aNew York : _bUNICEF, _c1986. |
||
| 440 | 0 |
_aNotes, comments... ; _v166 |
|
| 690 | _aEducacion sanitaria - Curriculo de enseñanza primaria - Sri Lanka | ||
| 690 | _aCurriculo de enseñanza primaria - Educacion sanitaria - Sri Lanka | ||
| 710 | 2 |
_aUNICEF _924085 |
|
| 710 | 2 | _aPrograma de Alimentación Mundial | |
| 905 | _aUNESCO | ||
| 999 |
_c136873 _d136873 |
||